000 01086naa a22003017a 4500
001 BR8005919
003 BR-BrBNA
005 20240918174656.0
007 ta
008 230509b bl.||||| |||| 00| 0 por d
040 _aBR-BrBNA
_bpor
_cBiblioteca Nacional de Agricultura
041 _a(Pt)
072 _aL73; L70
_b5120
_b4110
_b4120
090 _aL73 BR8005919
100 1 _aVandeplassche, M.
111 1 _a3. Ciclo Internacional de Clinica Veterinaria Equina
_cSao Paulo, SP (Brazil)
_d19-22 May 1980
245 1 _aEtiologia, diagnostico e tratamento da endometrite na egua
260 3 _aSao Paulo, SP (Brasil):
_c1980.
500 _aAnais do 3. Ciclo Internacional de Clinica Veterinaria Equina Sao Paulo, SP (Brasil): 1980. p. 77-82 (BR8005919-AM)L73
650 _aEGUA
650 _aENDOMETRITE
650 _aUTERO
650 _aDIAGNOSTICO
650 _aPROFILAXIA
773 0 _tAnais do 3. Ciclo Internacional de Clinica Veterinaria Equina
_wL73 BR8005919
_gSao Paulo, SP (Brasil), 1980. p. 77-82
909 _a202404
_bLucia
_c55
_dLucia Elande
942 _cAM
_2AGRIS
999 _c312787
_d312787